H. Res. 128, condemning the murder of human rights lawyer Rosemary Nelson and calling for the protection of defense attorneys in Northern Ireland : markup before the Subcommittee on International Operations and Human Rights of the Committee on International Relations, House of Representatives, One Hundred Sixth Congress, first session, March 25, 1999.

Bibliographic Details
Corporate Authors: United States. Congress. House. Committee on International Relations. Subcommittee on International Operations and Human Rights, ProQuest (Firm)
Format: Government Document eBook
Language:English
Published: Washington : U.S. G.P.O. : 1999.
Series:U.S. Congressional Hearings.
Subjects:
Online Access:Connect to the full text of this electronic book

MARC

Tag First Indicator Second Indicator Subfields
LEADER 00000cam a22000001a 4500
001 in00003246513
005 20190404193040.0
006 m d f
007 cr bn mmmapmmp
008 091027s1999 dcu o f000 0 eng d
035 |a cis2007469761 
040 |a UMI  |c UMI  |d UtOrBLW 
043 |a n-us--- 
074 |a 1017-A-01 
074 |a 1017-B-01 (MF) 
086 0 |a Y 4.IN 8/16:N 33 
088 |a Serial no. 106-19 (United States. Congress. House. Committee on International Relations) 
099 |a HRG-1999-HIR-0019 
110 1 |a United States.  |b Congress.  |b House.  |b Committee on International Relations.  |b Subcommittee on International Operations and Human Rights. 
245 1 0 |a H. Res. 128, condemning the murder of human rights lawyer Rosemary Nelson and calling for the protection of defense attorneys in Northern Ireland :  |b markup before the Subcommittee on International Operations and Human Rights of the Committee on International Relations, House of Representatives, One Hundred Sixth Congress, first session, March 25, 1999. 
264 1 |a Washington :  |b U.S. G.P.O. :  |c 1999. 
264 2 |a Washington :  |b For sale by the U.S. G.P.O., Supt. of Docs., Congressional Sales Office, 
300 |a 1 online resource. 
336 |a text  |b txt  |2 rdacontent 
337 |a computer  |b c  |2 rdamedia 
338 |a online resource  |b cr  |2 rdacarrier 
500 |a Record is based on bibliographic data in ProQuest Congressional Hearings Digital Collection. Reuse except for individual research requires license from ProQuest, LLC. 
538 |a System requirements: PDF reader software. 
500 |a Electronic resource. 
600 1 0 |a Nelson, Rosemary,  |d -1999  |x Assassination. 
650 0 |a Lawyers  |x Protection  |z Northern Ireland. 
650 0 |a Human rights workers  |x Protection  |z Northern Ireland. 
650 0 |a Political crimes and offenses  |x Investigation  |z Northern Ireland. 
655 7 |a Electronic books.  |2 local 
710 2 |a ProQuest (Firm) 
776 0 8 |i Print version:  |a United States. Congress. House. Committee on International Relations. Subcommittee on International Operations and Human Rights.  |t H. Res. 128, condemning the murder of human rights lawyer Rosemary Nelson and calling for the protection of defense attorneys in Northern Ireland  |w (DGPO)99024162  |w (OCoLC)42083096 
776 0 8 |i Microfiche version:  |a United States. Congress. House. Committee on International Relations. Subcommittee on International Operations and Human Rights.  |t H. Res. 128, condemning the murder of human rights lawyer Rosemary Nelson and calling for the protection of defense attorneys in Northern Ireland.  |d [Bethesda, Md.] : ProQuest,[2004]  |o CIS 99 H461-81  |w (ProQuest)cis09900765 
830 0 |a U.S. Congressional Hearings. 
856 4 0 |u http://proxy.library.tamu.edu/login?url=http://congressional.proquest.com/congcomp/getdoc?HEARING-ID=HRG-1999-HIR-0019  |z Connect to the full text of this electronic book  |t 0 
998 |a cis09900765 
999 |a MARS 
999 f f |s c3273be2-1069-3550-ae81-c529765adc68  |i e86b7ee9-03ef-3bb5-ae25-c087344a6a75  |t 0 
952 f f |a Texas A&M University  |b College Station  |c Electronic Resources  |d Available Online  |t 0  |e HRG-1999-HIR-0019  |h Other scheme 
998 f f |a HRG-1999-HIR-0019  |t 0  |l Available Online